000 00640nam a2200229Ia 4500
003 OSt
005 20221007064812.0
006 a|||||r|||| 00| 0
007 ta
008 221006b |||||||| |||| 00| 0 eng d
024 _a603
037 _cTextual
040 _aFLL
_cFLL
_beng
041 _2eng
_aeng
082 _aV2:20y138:N5, J6,L3
100 _aAggarwala R.N.
245 0 _aNational Movement and Constitutional Development of India
250 _a8th
260 _aDelhi
_bMetropolitian Book Co. India
_c1973
942 _hV2:20y138:N5, J6,L3
_cTEXL
_2CC
999 _c1135398
_d1135398